Vista normal Vista MARC

Entrada Topical Term

Número de registros utilizados en: 1

001 - CONTROL NUMBER

  • control field: 21546

003 - CONTROL NUMBER IDENTIFIER

  • control field: OSt

005 - DATE AND TIME OF LATEST TRANSACTION

  • control field: 20230915230824.0

008 - FIXED-LENGTH DATA ELEMENTS

  • fixed length control field: 230915|| aca||aabn | a|a d

040 ## - CATALOGING SOURCE

  • Original cataloging agency: OSt
  • Transcribing agency: OSt

150 ## - HEADING--TOPICAL TERM

  • Topical term or geographic name entry element: ESCUELAS PUBLICAS BOYACA COLOMBIA - 1870 - 1876

670 ## - SOURCE DATA FOUND

  • Source citation: Work cat.: (OSt)25327: Dotor Robayo, Maria Victoria 21545, La instrucción pública en el estado soberano de Boyacá, 1870 - 1876, Ministerio de Cultura 2002









Instituto Departamental de Cultura del Meta - Red Departamental de Bibliotecas Públicas del Meta.